Landscape architecture: preliminary announcement.

Saved in:
Bibliographic Details
Corporate Author: Massachusetts Institute of Technology.
Format: Book
Language:English
Published: The Institute. [n.d.]
Subjects:
Tags: Add Tag
No Tags, Be the first to tag this record!
LEADER 00598nam a2200193K 4500
001 000000331-X
005 20020606090541.3
008 930719n xx 000 0 eng d
035 0 |a ocm84173958 
040 |a FLL  |c FLL 
110 2 |a Massachusetts Institute of Technology. 
245 1 0 |a Landscape architecture: preliminary announcement. 
260 |b The Institute.  |c [n.d.] 
300 |a [2] p. 
650 0 |a Landscape architecture  |x Study and teaching. 
650 0 |a Landscape architecture  |x Vocational guidance. 
690 9 |a Landscape architecture  |x Study and teaching.  |5 des 
988 |a 20020608 
906 |0 MH